Riešenie bezdrôtovej siete pre bytový dom alebo firmu

Salvato in:
Dettagli Bibliografici
Autore principale: Boháčik, Matej, 1987- (Autore)
Altri autori: Bezák, Pavol, 1977- (Relatore della tesi)
Natura: Manoscritto Libro
Lingua:slovacco
Pubblicazione: STU v Bratislave MTF UIAM, 2010
Soggetti:
Accesso online:VAIS
Tags: Aggiungi Tag
Nessun Tag, puoi essere il primo ad aggiungerne!!

MARC

LEADER 00000ntm a22000003a 4500
001 stu208003
005 20160719160311.7
008 100722s2010------------------------slo-d
040 |a STU  |b slo 
041 0 |a slo 
100 1 |a Boháčik, Matej,  |d 1987-  |4 aut  |X 52196  |7 A000052196 
242 0 0 |a Proposal of wireless network for residents or company  |y eng 
245 1 |a Riešenie bezdrôtovej siete pre bytový dom alebo firmu 
260 |b STU v Bratislave MTF UIAM,  |c 2010 
650 7 |a bezpečnosť  |2 stusub 
700 1 |a Bezák, Pavol,  |d 1977-  |4 ths  |u M6000  |U MTF Materiálovotechnologická fakulta  |T MTF Ústav aplikovanej informatiky, automatizácie a matematiky  |X 2805  |U M6000  |Y 86  |7 A000002805 
856 4 |a info a plný text  |u http://is.stuba.sk/zp/portal_zp.pl?podrobnosti=53033  |3 VAIS 
996 |c M*BP-4654  |l MMSKP  |s P  |a 0  |w stu208003_0001